| 000 | 00892cab a2200253 4500 | ||
|---|---|---|---|
| 001 | ABS42694 | ||
| 008 | 090401t1990 xxu||||| |||| 00| 0 eng d | ||
| 035 | _a(Sirsi) u38393 | ||
| 041 | _aeng | ||
| 100 | _aMiddelboe, S. | ||
| 245 | _aGreen reasoning | ||
| 260 | _c1990 | ||
| 350 | _a0 | ||
| 490 |
_aNew Builder _v(34) 17 May 1990, 16-17(2) |
||
| 520 | _aSummarises the findings of a recent report by Gardiner and Theobald on the environmental effects of building . Includes a table indicating the effect on costs of constructing a "green" building, depending on whether the design changes are "reasonable" or "radical". | ||
| 650 | _aBUILT ENVIRONMENT-BUILDING COSTS | ||
| 650 | _aBUILDING INDUSTRY | ||
| 650 | _aGLOBAL WARMING | ||
| 650 | _aGREEN ISSUES | ||
| 650 | _aGREENHOUSE EFFECT | ||
| 690 | _aENVIRONMENTAL AND LAND CONSULTANCY | ||
| 942 | _n0 | ||
| 948 | _c04/03/1997 | ||
| 999 |
_c24673 _d24673 |
||